Urban economics

Saved in:
Bibliographic Details
Main Author: Richardson, Harry W. (Harry Ward), 1938-
Format: Book
Language:English
Published: Harmondsworth, Penguin, 1971.
Series:Penguin education, ; X296
Penguin modern economics texts. Political economy
Subjects:
LEADER 01042nam a2200289 a 4500
001 c000141563
003 CARM
005 19900103000000.0
008 720306s1971 enka b 001 0 eng
015 |a B71-24453 
019 1 |a 21766672  |z 609367  |z 26342703  |5 LACONCORD2021 
020 |a 0140802967 
035 |a (OCoLC)267170  |5 LACONCORD2021 
040 |a LC  |b eng  |c LC  |d ABN-SNR 
050 0 0 |a HT321  |b .R5 
082 0 4 |a 330.9/173/2 
100 1 |a Richardson, Harry W.  |q (Harry Ward),  |d 1938- 
245 0 0 |a Urban economics  |c [by] Harry W. Richardson. 
260 |a Harmondsworth,  |b Penguin,  |c 1971. 
300 |a 208 p.  |b illus.  |c 19 cm. 
490 0 |a Penguin education, ;  |v X296 
490 0 |a Penguin modern economics texts. Political economy 
504 |a Bibliography: p. 187-197. 
650 0 |a Urban economics. 
852 8 |b CARM  |h A2:AM35A0  |i A02694  |p 0186003  |f BK 
999 f f |i eb2b5921-d444-52d3-84a0-7251a6aefb7f  |s dc3ad1fa-a6b0-551f-9b75-4545aa5c3ceb 
952 f f |p Can circulate  |a CAVAL  |b CAVAL  |c CAVAL  |d CARM 1 Store  |e A02694  |f A2:AM35A0  |h Other scheme  |i book  |m 0186003